000 00979nam a22002657a 4500
003 0
005 20251117133947.0
008 251117b xxu||||| |||| 00| 0 eng d
020 _a1-59307-267-8
050 _aPN 6790.J63
_bB56 1999
100 _aSuzuki, Koji,
_eauthor.
245 _aBirthday /
_cKoji Suzuki ; art by Meimu ; translation by Naomi Kokubo & Steven Hoffman ; lettering by Wilbert Lacuna.
260 _aMilwaukie, OR :
_bDark Horse Manga,
_c1999.
300 _a159 pages :
_billustrations ;
_c19 cm.
500 _aEnglish translation of the Japanese manga.
520 _aManga adaptation of Koji Suzuki’s novel depicting the horror of cursed videotapes.
650 _aHorror fiction.
650 _aManga.
650 _aJapanese literature $v Comic books, strips, etc.
700 _aMeimu,
_eillustrator.
700 _aKokubo, Naomi,
_etranslator.
700 _aHoffman, Steven,
_etranslator.
700 _aLacuna, Wilbert,
_eletterer.
942 _2lcc
_cBK
999 _c368671
_d368671